000
00358nam a2200133Ia 4500
008
100328s9999 xx 000 0 und d
082
_b
19332
100
_a
पटवर्धन वसुंधरा
245
_a
उपासना
260
_b
बा.ल.पाठक
630
_a
उपासना
730
_a
उपासना
942
_c
BOOK
999
_c
513655
_d
513652